000 00270nam a22001217a 4500
008 180124b xxu||||| |||| 00| 0 eng d
041 _aeng
080 _a101
100 _a24
101 _aFIL
245 _aGuidance in the modern school
_cDaniel,H.B
942 _2udc
_cBK
999 _c40824
_d40824